[Event "GBR-ch110 Major Open"]
[Site "Hull"]
[Date "2024.08.02"]
[Round "7.35"]
[White "Garnett, John S"]
[Black "Saxena, Advik"]
[Result "1-0"]
[WhiteElo "1879"]
[BlackElo "1666"]
[PlyCount "77"]
[EventDate "2024.07.27"]
[EventType "swiss"]
[EventRounds "9"]
[EventCountry "GBR"]
[SourceTitle "BritBase"]
[Source "John Saunders"]
[SourceDate "2025.02.20"]
[SourceVersion "1"]
[SourceVersionDate "2025.02.20"]
[SourceQuality "1"]

1. d4 Nf6 2. Bg5 e6 3. e4 h6 4. Bxf6 Qxf6 5. Nc3 c5 6. e5 Qd8 7. d5 d6 8. Bb5+ Nd7 9. dxe6 fxe6 10. Qh5+ Ke7 11. exd6+ Kxd6 12. O-O-O+ Kc7 13. Nf3 Qf6 14. Rhe1 a6 15. Bc4 Nb6 16. Bf1 g6 17. Qe5+ Qxe5 18. Nxe5 Rg8 19. Nc4 Bg7 20. Ne4 Nxc4 21. Bxc4 b5 22. Be2 c4 23. Bg4 h5 24. Bf3 Rb8 25. Ng5 e5 26. Nf7 Re8 27. Be4 Bf5 28. Bxf5 gxf5 29. Rd5 Kc6 30. Rd6+ Kc7 31. Rxa6 Ra8 32. Rxa8 Rxa8 33. Nxe5 Rxa2 34. Kb1 Ra8 35. Nf3 b4 36. Re7+ Kd6 37. Rxg7 b3 38. cxb3 cxb3 39. Rb7 1-0

[Event "GBR-ch110 Major Open"]
[Site "Hull"]
[Date "2024.08.02"]
[Round "7.36"]
[White "Britton, Richard"]
[Black "Walia, Michael Kanishk"]
[Result "1-0"]
[WhiteElo "2112"]
[BlackElo "1682"]
[PlyCount "71"]
[EventDate "2024.07.27"]
[EventType "swiss"]
[EventRounds "9"]
[EventCountry "GBR"]
[SourceTitle "BritBase"]
[Source "John Saunders"]
[SourceDate "2025.02.20"]
[SourceVersion "1"]
[SourceVersionDate "2025.02.20"]
[SourceQuality "1"]

1. e4 e6 2. d3 d5 3. Nd2 Nf6 4. Ngf3 b6 5. g3 Bb7 6. Bg2 Be7 7. O-O c5 8. Re1 O-O 9. e5 Nfd7 10. Nf1 Nc6 11. h4 Qc7 12. Bf4 b5 13. h5 Rfc8 14. h6 g6 15. N1h2 c4 16. d4 a5 17. Bg5 Qd8 18. Bxe7 Qxe7 19. c3 Rab8 20. Qd2 b4 21. Qf4 Ba6 22. Ng5 a4 23. a3 bxc3 24. bxc3 Rb3 25. Re3 Rcb8 26. Ng4 Nd8 27. Kh2 Rb1 28. Rxb1 Rxb1 29. Nf6+ Nxf6 30. exf6 Qd7 31. Qe5 Nc6 32. Qf4 Bc8 33. Rxe6 fxe6 34. f7+ Kf8 35. Nxh7+ Ke7 36. f8=Q# 1-0

[Event "GBR-ch110 Major Open"]
[Site "Hull"]
[Date "2024.08.02"]
[Round "7.37"]
[White "Cowan, Xavier"]
[Black "Zhang, Junyi"]
[Result "1/2-1/2"]
[WhiteElo "1824"]
[BlackElo "1957"]
[PlyCount "85"]
[EventDate "2024.07.27"]
[EventType "swiss"]
[EventRounds "9"]
[EventCountry "GBR"]
[SourceTitle "BritBase"]
[Source "John Saunders"]
[SourceDate "2025.02.20"]
[SourceVersion "1"]
[SourceVersionDate "2025.02.20"]
[SourceQuality "1"]

1. d4 Nf6 2. c4 e6 3. Nc3 Bb4 4. e3 O-O 5. Bd3 d5 6. Nf3 dxc4 7. Bxc4 c5 8. O-O cxd4 9. exd4 Bd7 10. Bf4 Nc6 11. a3 Be7 12. Rc1 a6 13. b4 b5 14. Bb3 Rc8 15. Re1 h6 16. d5 exd5 17. Nxd5 Nxd5 18. Qxd5 Bf6 19. Bd6 Be7 20. Bxe7 Nxe7 21. Rxc8 Nxc8 22. Rd1 Nb6 23. Qd6 Qf6 24. Ne5 Bf5 25. Qxf6 gxf6 26. Nc6 Kg7 27. Rd8 Be4 28. Rxf8 Kxf8 29. Nd4 Bd5 30. Bxd5 Nxd5 31. Nc6 Nc3 32. Nb8 Nb1 33. Nxa6 Nxa3 34. Kf1 Ke7 35. Ke2 Kd6 36. Kd3 Nc4 37. f4 f5 38. g3 Nb6 39. Kc3 Nd5+ 40. Kd4 Ne7 41. Nb8 h5 42. h3 f6 43. h4 1/2-1/2

[Event "GBR-ch110 Major Open"]
[Site "Hull"]
[Date "2024.08.02"]
[Round "7.38"]
[White "Twisk, Sebastian"]
[Black "Pick, Freddie"]
[Result "1/2-1/2"]
[WhiteElo "1802"]
[BlackElo "1955"]
[PlyCount "97"]
[EventDate "2024.07.27"]
[EventType "swiss"]
[EventRounds "9"]
[EventCountry "GBR"]
[SourceTitle "BritBase"]
[Source "John Saunders"]
[SourceDate "2025.02.20"]
[SourceVersion "1"]
[SourceVersionDate "2025.02.20"]
[SourceQuality "1"]

1. e4 e5 2. Nf3 Nc6 3. Bb5 a6 4. Ba4 Nf6 5. O-O Be7 6. Re1 b5 7. Bb3 O-O 8. a4 b4 9. a5 d6 10. h3 h6 11. c3 bxc3 12. bxc3 Nb8 13. d4 Nbd7 14. Nbd2 c5 15. Nc4 cxd4 16. cxd4 Bb7 17. dxe5 dxe5 18. Ncxe5 Nxe5 19. Nxe5 Qxd1 20. Bxd1 Bxe4 21. Ng4 h5 22. Ba3 Bxa3 23. Nxf6+ gxf6 24. Rxe4 Rfe8 25. Rxe8+ Rxe8 26. Bxh5 Bb4 27. Ra4 Re1+ 28. Kh2 Bd6+ 29. g3 Re5 30. Bf3 Bc7 31. Bb7 Rxa5 32. Rxa5 Bxa5 33. Bxa6 Kg7 34. f4 Bc7 35. Kg2 f5 36. Kf3 Bd6 37. Bd3 Kf6 38. h4 Bf8 39. h5 Bh6 40. Ke3 Bf8 41. Kd4 Bh6 42. Kd5 Bf8 43. Kc6 Bb4 44. h6 Kg6 45. h7 Kxh7 46. Bxf5+ Kg7 47. Bd3 Be1 48. g4 Bg3 49. f5 1/2-1/2

[Event "GBR-ch110 Major Open"]
[Site "Hull"]
[Date "2024.08.02"]
[Round "7.39"]
[White "Varley, Joe"]
[Black "Neenan, Henry"]
[Result "1/2-1/2"]
[WhiteElo "1935"]
[BlackElo "1793"]
[PlyCount "119"]
[EventDate "2024.07.27"]
[EventType "swiss"]
[EventRounds "9"]
[EventCountry "GBR"]
[SourceTitle "BritBase"]
[Source "John Saunders"]
[SourceDate "2025.02.20"]
[SourceVersion "1"]
[SourceVersionDate "2025.02.20"]
[SourceQuality "1"]

1. e4 c6 2. d4 d5 3. f3 dxe4 4. fxe4 e5 5. Nf3 Bg4 6. Bc4 Nd7 7. O-O Ngf6 8. c3 Bd6 9. Bg5 O-O 10. Nbd2 b5 11. Be2 Qb6 12. Qc2 Rfe8 13. Be3 Qc7 14. h3 Bh5 15. Rae1 Bg6 16. Bd3 Rad8 17. Bg5 Qb6 18. a4 a6 19. Kh1 c5 20. axb5 axb5 21. Bxf6 Nxf6 22. Qb3 Nh5 23. Bxb5 Ng3+ 24. Kg1 Re7 25. Nc4 Qb8 26. Nfxe5 Bxe5 27. Nxe5 Rb7 28. Rf3 cxd4 29. cxd4 Rxb5 30. Qc4 Rb4 31. Qc1 Rc8 32. Nc6 Rxc6 33. Qxc6 Bxe4 34. Rxe4 Nxe4 35. Qxe4 Rxb2 36. Re3 g6 37. Re2 Rb1+ 38. Re1 Rb2 39. Re2 Rb1+ 40. Re1 Rb4 41. Qc6 Qg3 42. Rf1 Qe3+ 43. Kh1 Qe7 44. Rd1 Rb8 45. d5 Rd8 46. Ra1 Rd6 47. Ra8+ Kg7 48. Qc3+ Qf6 49. Qb4 Rd8 50. Rxd8 Qxd8 51. d6 Qd7 52. Qc5 Kf6 53. Qd5 Qf5 54. Qd4+ Ke6 55. d7 Qb1+ 56. Kh2 Qb8+ 57. Kg1 Qd8 58. Qe4+ Kxd7 59. Qd5+ Ke7 60. Qc6 1/2-1/2

[Event "GBR-ch110 Major Open"]
[Site "Hull"]
[Date "2024.08.02"]
[Round "7.40"]
[White "Bedi, Adam"]
[Black "Pattni, Kishan"]
[Result "1-0"]
[WhiteElo "1903"]
[BlackElo "1746"]
[PlyCount "69"]
[EventDate "2024.07.27"]
[EventType "swiss"]
[EventRounds "9"]
[EventCountry "GBR"]
[SourceTitle "BritBase"]
[Source "John Saunders"]
[SourceDate "2025.02.20"]
[SourceVersion "1"]
[SourceVersionDate "2025.02.20"]
[SourceQuality "1"]

1. d4 Nf6 2. c4 e6 3. Nc3 Bb4 4. f3 d5 5. a3 Bxc3+ 6. bxc3 O-O 7. e3 c6 8. Bd3 Nbd7 9. Ne2 e5 10. cxd5 Nxd5 11. e4 N5f6 12. O-O c5 13. d5 h6 14. Ng3 Re8 15. Be3 b6 16. Qd2 Nf8 17. Bb5 Re7 18. a4 Qd6 19. Bc6 Rb8 20. f4 Ng6 21. fxe5 Nxe5 22. Bf4 Nh7 23. Bb5 g5 24. Be3 Ng4 25. Bd3 Nxe3 26. Qxe3 Qxd5 27. exd5 Rxe3 28. Bxh7+ Kxh7 29. Rxf7+ Kg8 30. Raf1 Ba6 31. R1f6 Bc4 32. Nf5 Re1+ 33. Kf2 Re2+ 34. Kg3 Rbe8 35. Rg7+ 1-0

[Event "GBR-ch110 Major Open"]
[Site "Hull"]
[Date "2024.08.02"]
[Round "7.41"]
[White "Lewis, Christopher D"]
[Black "Srivastava, Siddhartha Shankar"]
[Result "1-0"]
[WhiteElo "1885"]
[BlackElo "1595"]
[PlyCount "117"]
[EventDate "2024.07.27"]
[EventType "swiss"]
[EventRounds "9"]
[EventCountry "GBR"]
[SourceTitle "BritBase"]
[Source "John Saunders"]
[SourceDate "2025.02.20"]
[SourceVersion "1"]
[SourceVersionDate "2025.02.20"]
[SourceQuality "1"]

1. e4 e5 2. Nf3 Nc6 3. Bb5 a6 4. Ba4 Nf6 5. O-O Be7 6. Re1 b5 7. Bb3 d6 8. c3 O-O 9. d3 Na5 10. Bc2 c5 11. d4 cxd4 12. cxd4 Bg4 13. d5 Qc7 14. Nbd2 Rac8 15. Bd3 Nc4 16. Nf1 Rfe8 17. h3 Bxf3 18. Qxf3 Nb6 19. Ng3 g6 20. Bh6 Nbd7 21. Rec1 Qb8 22. Nf5 Rxc1+ 23. Rxc1 Bf8 24. Bxf8 Kxf8 25. Ne3 Rc8 26. Rc6 Kg7 27. b4 Rxc6 28. dxc6 Nf8 29. Nd5 Nh5 30. g3 Ne6 31. Qe3 Nd4 32. Qc1 Qc8 33. c7 Qxh3 34. Qd1 Nxg3 35. fxg3 Qxg3+ 36. Kf1 Qh3+ 37. Ke1 Nf3+ 38. Qxf3 Qxf3 39. Kd2 Qh3 40. Nb6 h5 41. c8=Q Qg2+ 42. Kc3 Qf2 43. Nd7 Qd4+ 44. Kc2 Qf2+ 45. Kb3 Kh6 46. Qf8+ Kg5 47. Qxd6 f6 48. Qxa6 h4 49. Qxf6+ Qxf6 50. Nxf6 h3 51. Nh7+ Kf4 52. Bf1 h2 53. Bg2 Kg3 54. Bh1 Kf2 55. a4 bxa4+ 56. Kxa4 Kg1 57. Bf3 h1=Q 58. Bxh1 Kxh1 59. b5 1-0

[Event "GBR-ch110 Major Open"]
[Site "Hull"]
[Date "2024.08.02"]
[Round "7.42"]
[White "Buffard, Julien"]
[Black "Stephenson, David W"]
[Result "0-1"]
[WhiteElo "1665"]
[BlackElo "1836"]
[PlyCount "36"]
[EventDate "2024.07.27"]
[EventType "swiss"]
[EventRounds "9"]
[EventCountry "GBR"]
[SourceTitle "BritBase"]
[Source "John Saunders"]
[SourceDate "2025.02.20"]
[SourceVersion "1"]
[SourceVersionDate "2025.02.20"]
[SourceQuality "1"]

1. e4 e5 2. Nf3 Nc6 3. Bc4 Nf6 4. d4 exd4 5. O-O Bc5 6. e5 d5 7. Bb5 Ne4 8. Nxd4 Bd7 9. Nxc6 bxc6 10. Bd3 O-O 11. Nd2 f5 12. exf6 Nxf6 13. h3 Qc8 14. Be2 Bxh3 15. gxh3 Qxh3 16. Bf3 Bd6 17. Re1 Bh2+ 18. Kh1 Bg3+ 0-1

[Event "GBR-ch110 Major Open"]
[Site "Hull"]
[Date "2024.08.02"]
[Round "7.43"]
[White "Guarnieri, Federico"]
[Black "Zhu, Pengxiao"]
[Result "0-1"]
[WhiteElo "1572"]
[BlackElo "1969"]
[PlyCount "62"]
[EventDate "2024.07.27"]
[EventType "swiss"]
[EventRounds "9"]
[EventCountry "GBR"]
[SourceTitle "BritBase"]
[Source "John Saunders"]
[SourceDate "2025.02.20"]
[SourceVersion "1"]
[SourceVersionDate "2025.02.20"]
[SourceQuality "1"]

1. d4 d5 2. c4 c6 3. Nf3 Nf6 4. Qc2 g6 5. Bf4 Bf5 6. Qb3 Qb6 7. c5 Qxb3 8. axb3 Bg7 9. Nc3 O-O 10. e3 Nbd7 11. b4 Ne4 12. b5 Nxc3 13. bxc3 Nxc5 14. bxc6 bxc6 15. Be5 Ne4 16. Ba6 Bc8 17. O-O Nxc3 18. Rfc1 Bxa6 19. Rxc3 Bb5 20. Bc7 Rfc8 21. Ba5 c5 22. Rb1 Bc4 23. Rcc1 cxd4 24. exd4 Rab8 25. Ra1 a6 26. Bd2 Bb5 27. Re1 e6 28. Bf4 Rb6 29. Reb1 Rbc6 30. Ne5 Rc2 31. h3 Re2 0-1

[Event "GBR-ch110 Major Open"]
[Site "Hull"]
[Date "2024.08.02"]
[Round "7.44"]
[White "Li, Reya"]
[Black "Patton, Zachary"]
[Result "1-0"]
[WhiteElo "1766"]
[BlackElo "1871"]
[PlyCount "73"]
[EventDate "2024.07.27"]
[EventType "swiss"]
[EventRounds "9"]
[EventCountry "GBR"]
[SourceTitle "BritBase"]
[Source "John Saunders"]
[SourceDate "2025.02.20"]
[SourceVersion "1"]
[SourceVersionDate "2025.02.20"]
[SourceQuality "1"]

1. e4 e5 2. Nc3 Nf6 3. Nf3 Nc6 4. Bb5 Bc5 5. O-O d6 6. d4 exd4 7. Bxc6+ bxc6 8. Nxd4 O-O 9. Bg5 Re8 10. Nxc6 Qd7 11. Bxf6 gxf6 12. Nd4 Bb7 13. Nf5 Kh8 14. Ng3 Re5 15. Kh1 f5 16. f4 Re6 17. Nxf5 Rg8 18. Rf3 Rxe4 19. Nxe4 Bxe4 20. Ng3 Bb7 21. Qd3 Qg4 22. Qc3+ Rg7 23. Re1 h5 24. Qf6 Bc6 25. h3 Qg6 26. Qxg6 Rxg6 27. Rb3 h4 28. Rb8+ Kh7 29. Ne4 Bb6 30. Ng5+ Kg7 31. Nf3 Rg3 32. Rf1 Bb5 33. Rd1 Be2 34. Rd2 Bf1 35. Nxh4 Kf6 36. Kh2 Re3 37. Rh8 1-0

[Event "GBR-ch110 Major Open"]
[Site "Hull"]
[Date "2024.08.02"]
[Round "7.45"]
[White "Storey, Cameron"]
[Black "Sui, Yueyue"]
[Result "1-0"]
[WhiteElo "1860"]
[BlackElo "1749"]
[PlyCount "73"]
[EventDate "2024.07.27"]
[EventType "swiss"]
[EventRounds "9"]
[EventCountry "GBR"]
[SourceTitle "BritBase"]
[Source "John Saunders"]
[SourceDate "2025.02.20"]
[SourceVersion "1"]
[SourceVersionDate "2025.02.20"]
[SourceQuality "1"]

1. e4 e6 2. b3 d5 3. Bb2 d4 4. Nf3 c5 5. Bb5+ Bd7 6. Qe2 a6 7. Bxd7+ Qxd7 8. c3 Nc6 9. cxd4 cxd4 10. e5 Bc5 11. d3 Nge7 12. Nbd2 b5 13. Rc1 Ba7 14. h4 h5 15. O-O Nf5 16. a3 Rc8 17. g3 O-O 18. Ng5 g6 19. Nde4 Qe7 20. Nf6+ Kg7 21. Kh2 Nxe5 22. Nxh5+ gxh5 23. Qxe5+ Kg6 24. Qe4 Rc7 25. g4 hxg4 26. Qxg4 Kh6 27. Qf4 Rxc1 28. Nxe6+ Kg6 29. Nxf8+ Qxf8 30. Qg5+ Kh7 31. Qxf5+ Kh8 32. Bxc1 Bb8+ 33. Bf4 b4 34. axb4 Bxf4+ 35. Qxf4 Qxb4 36. Qh6+ Kg8 37. Rg1# 1-0

[Event "GBR-ch110 Major Open"]
[Site "Hull"]
[Date "2024.08.02"]
[Round "7.46"]
[White "Bates, Hubert"]
[Black "Mize, Dylan"]
[Result "0-1"]
[WhiteElo "1750"]
[BlackElo "1824"]
[PlyCount "76"]
[EventDate "2024.07.27"]
[EventType "swiss"]
[EventRounds "9"]
[EventCountry "GBR"]
[SourceTitle "BritBase"]
[Source "John Saunders"]
[SourceDate "2025.02.20"]
[SourceVersion "1"]
[SourceVersionDate "2025.02.20"]
[SourceQuality "1"]

1. e4 c6 2. d4 d5 3. e5 Bf5 4. h4 h5 5. Bd3 Bxd3 6. Qxd3 e6 7. Nf3 Qa5+ 8. Bd2 Qa6 9. Qe2 c5 10. Nc3 Qxe2+ 11. Kxe2 Nc6 12. Be3 cxd4 13. Bxd4 Nh6 14. Nb5 Rc8 15. c3 a6 16. Na3 Nxd4+ 17. cxd4 Bxa3 18. bxa3 Rc2+ 19. Ke1 Nf5 20. Rb1 O-O 21. Rf1 b5 22. a4 bxa4 23. Rb4 Rxa2 24. Nd2 Rc8 25. Ke2 Rcc2 26. Rd1 Nxh4 27. g3 Nf5 28. Kd3 Rcb2 29. Rxb2 Rxb2 30. Ra1 Rb4 31. Nf3 Rb3+ 32. Ke2 Rb2+ 33. Ke1 Rb4 34. Rd1 a3 35. Ra1 Rb3 36. Ke2 Rb2+ 37. Kf1 a2 38. Kg2 g5 0-1

[Event "GBR-ch110 Major Open"]
[Site "Hull"]
[Date "2024.08.02"]
[Round "7.47"]
[White "Waterfield, Mark B"]
[Black "Chantrell, Paul"]
[Result "1-0"]
[WhiteElo "1815"]
[BlackElo "1735"]
[PlyCount "97"]
[EventDate "2024.07.27"]
[EventType "swiss"]
[EventRounds "9"]
[EventCountry "GBR"]
[SourceTitle "BritBase"]
[Source "John Saunders"]
[SourceDate "2025.02.20"]
[SourceVersion "1"]
[SourceVersionDate "2025.02.20"]
[SourceQuality "1"]

1. e4 e5 2. Nf3 Nc6 3. d4 exd4 4. Bc4 Nf6 5. e5 d5 6. Bb5 Ne4 7. Nxd4 Bd7 8. Bxc6 bxc6 9. O-O Bc5 10. f3 Ng5 11. f4 Ne4 12. Be3 Bb6 13. Nc3 Nxc3 14. bxc3 c5 15. Nb3 Bb5 16. Rf2 c4 17. Nd4 Bxd4 18. Bxd4 O-O 19. f5 h6 20. f6 g6 21. Qd2 Kh7 22. Rf4 g5 23. Rf2 Bd7 24. h4 Rg8 25. Be3 Bg4 26. hxg5 h5 27. Qd4 Qd7 28. Rb1 c6 29. a4 Rab8 30. g6+ fxg6 31. Rxb8 Rxb8 32. f7 Qe7 33. Qf4 g5 34. Qxg5 Qxg5 35. Bxg5 Kg7 36. Bh6+ Kxh6 37. f8=Q+ Rxf8 38. Rxf8 Kg7 39. Ra8 Kf7 40. Rxa7+ Ke6 41. a5 c5 42. a6 d4 43. Ra8 Bf5 44. a7 Be4 45. Rd8 d3 46. cxd3 cxd3 47. Kf2 Ke7 48. Rxd3 Ke6 49. Rd8 1-0

[Event "GBR-ch110 Major Open"]
[Site "Hull"]
[Date "2024.08.02"]
[Round "7.48"]
[White "Hu, Junyan"]
[Black "Whittington, Reece W"]
[Result "0-1"]
[WhiteElo "1617"]
[BlackElo "1793"]
[PlyCount "88"]
[EventDate "2024.07.27"]
[EventType "swiss"]
[EventRounds "9"]
[EventCountry "GBR"]
[SourceTitle "BritBase"]
[Source "John Saunders"]
[SourceDate "2025.02.20"]
[SourceVersion "1"]
[SourceVersionDate "2025.02.20"]
[SourceQuality "1"]

1. e4 e6 2. d4 d5 3. e5 c5 4. c3 Nc6 5. Nf3 Bd7 6. a3 Rc8 7. Be2 cxd4 8. cxd4 Nge7 9. Nc3 Nf5 10. O-O Be7 11. Qd3 O-O 12. b4 f6 13. g4 fxe5 14. gxf5 e4 15. Nxe4 dxe4 16. Qxe4 exf5 17. Qd5+ Kh8 18. Bd2 Rf6 19. Ng5 Rg6 20. f4 Bf6 21. Be3 Qe7 22. Kf2 Bxg5 23. fxg5 Re8 24. Qf3 Re6 25. Bc4 Rxe3 26. Qh5 g6 27. Qh4 Qe4 28. Qxe4 R3xe4 29. Rae1 Rxe1 30. Rxe1 Rxe1 31. Kxe1 Nxd4 32. Kf2 Nc2 33. Bd5 Bc6 34. Bxc6 bxc6 35. a4 Nxb4 36. a5 c5 37. a6 c4 38. Ke3 c3 39. Ke2 c2 40. Kd2 f4 41. h3 f3 42. h4 f2 43. h5 f1=Q 44. h6 c1=Q# 0-1

[Event "GBR-ch110 Major Open"]
[Site "Hull"]
[Date "2024.08.02"]
[Round "7.49"]
[White "Watkinson, Colin"]
[Black "Ewart, Thomas"]
[Result "1/2-1/2"]
[WhiteElo "1791"]
[BlackElo "1550"]
[PlyCount "102"]
[EventDate "2024.07.27"]
[EventType "swiss"]
[EventRounds "9"]
[EventCountry "GBR"]
[SourceTitle "BritBase"]
[Source "John Saunders"]
[SourceDate "2025.02.20"]
[SourceVersion "1"]
[SourceVersionDate "2025.02.20"]
[SourceQuality "1"]

1. e4 e5 2. Nf3 Nc6 3. d4 exd4 4. Bc4 Bb4+ 5. c3 dxc3 6. bxc3 Bd6 7. O-O Nge7 8. Re1 O-O 9. Qc2 h6 10. Be3 b6 11. Nbd2 Bb7 12. Nb3 Ng6 13. Nbd4 Nce5 14. Bb3 Nxf3+ 15. Nxf3 Re8 16. Bd2 Bf4 17. Rad1 Bxd2 18. Rxd2 Ne5 19. Nd4 Qg5 20. Re3 a5 21. Nb5 Nf3+ 22. Rxf3 Bxe4 23. Bxf7+ Kf8 24. h4 Qxb5 25. Qb3 Qxb3 26. axb3 Bxf3 27. Bxe8 Rxe8 28. gxf3 Re1+ 29. Kg2 Rb1 30. c4 a4 31. bxa4 Rb4 32. c5 bxc5 33. Ra2 Rb6 34. a5 Ra6 35. Kf1 Kg8 36. Ke2 Kf7 37. Kd3 d5 38. f4 Kf6 39. Ke3 Kf5 40. f3 Ke6 41. Ra1 Kd6 42. Rg1 Rxa5 43. Rg6+ Kd7 44. Rxg7+ Kc8 45. f5 Ra6 46. Rg6 Rd6 47. f6 Kd7 48. Rxh6 d4+ 49. Kd3 Ke6 50. f4 Kf7 51. Rh7+ Kxf6 1/2-1/2

[Event "GBR-ch110 Major Open"]
[Site "Hull"]
[Date "2024.08.02"]
[Round "7.51"]
[White "McLean, Rory R"]
[Black "Swiatkowski, Dominik"]
[Result "0-1"]
[WhiteElo "1768"]
[BlackElo "1523"]
[PlyCount "114"]
[EventDate "2024.07.27"]
[EventType "swiss"]
[EventRounds "9"]
[EventCountry "GBR"]
[SourceTitle "BritBase"]
[Source "John Saunders"]
[SourceDate "2025.02.20"]
[SourceVersion "1"]
[SourceVersionDate "2025.02.20"]
[SourceQuality "1"]

1. d4 Nf6 2. c4 e6 3. Nc3 Bb4 4. e3 O-O 5. Bd3 c5 6. Nge2 Nc6 7. O-O b6 8. d5 Ne5 9. f4 Nxd3 10. Qxd3 Bxc3 11. Nxc3 d6 12. e4 exd5 13. Nxd5 Bb7 14. b3 Re8 15. Re1 Bxd5 16. cxd5 Qe7 17. e5 Rad8 18. Bb2 dxe5 19. Rxe5 Qd6 20. Qg3 a5 21. Rae1 Kh8 22. R1e2 Qf8 23. d6 Qxd6 24. Rxe8+ Rxe8 25. Rxe8+ Nxe8 26. Qe1 Nf6 27. Be5 Qc6 28. Qd1 Qd5 29. Qa1 Ne8 30. Qb2 f6 31. Bc3 Nd6 32. Qd2 Qc6 33. Kf1 Kg8 34. Ke1 Kf7 35. Qe2 Nb5 36. Bb2 Nd4 37. Qc4+ Qe6+ 38. Kd2 Qxc4 39. bxc4 Ke6 40. Bxd4 cxd4 41. Kd3 Kf5 42. Kxd4 Kxf4 43. a4 f5 44. g3+ Kf3 45. c5 bxc5+ 46. Kxc5 Ke4 47. Kb5 g5 48. Kxa5 f4 49. Kb6 f3 50. a5 f2 51. a6 f1=Q 52. a7 Qf8 53. Kb7 Qe7+ 54. Kb8 Qd8+ 55. Kb7 Kf3 56. a8=Q Qxa8+ 57. Kxa8 Kg2 0-1

[Event "GBR-ch110 Major Open"]
[Site "Hull"]
[Date "2024.08.02"]
[Round "7.52"]
[White "Berkley, Stephen W"]
[Black "Cawston, M John"]
[Result "0-1"]
[WhiteElo "1830"]
[BlackElo "1776"]
[PlyCount "186"]
[EventDate "2024.07.27"]
[EventType "swiss"]
[EventRounds "9"]
[EventCountry "GBR"]
[SourceTitle "BritBase"]
[Source "John Saunders"]
[SourceDate "2025.02.20"]
[SourceVersion "1"]
[SourceVersionDate "2025.02.20"]
[SourceQuality "1"]

1. d4 d5 2. c4 e5 3. dxe5 d4 4. Nf3 Nc6 5. Na3 Bxa3 6. bxa3 Be6 7. e3 dxe3 8. Bxe3 Qxd1+ 9. Rxd1 Nge7 10. Nd4 Nxd4 11. Bxd4 O-O 12. Be2 Rfd8 13. O-O Nc6 14. Bc3 Bf5 15. Rxd8+ Rxd8 16. Rd1 Rxd1+ 17. Bxd1 Bd3 18. Bb3 Nd8 19. f4 Ne6 20. Kf2 g6 21. Ke3 Bb1 22. g3 Kf8 23. Kd2 h5 24. Kc1 Be4 25. Kd2 Ke7 26. Ke3 Bb1 27. c5 Ng7 28. a4 Nf5+ 29. Kd2 Be4 30. Bc4 Bf3 31. a5 a6 32. Bb4 Bc6 33. Bc3 Bf3 34. Bb4 c6 35. Bc3 h4 36. Bd3 hxg3 37. hxg3 Nxg3 38. Ke3 Bd5 39. Be1 Nh5 40. f5 gxf5 41. Bxf5 Be6 42. Bh4+ Kd7 43. Bb1 Ng7 44. a3 Ne8 45. Bd3 Nc7 46. Bg3 Nd5+ 47. Kd4 Nc7 48. Bh4 Ke8 49. Bg5 Kf8 50. Bd8 Ne8 51. Bf6 Bd5 52. Bf5 Be6 53. Bd3 Nc7 54. Bd8 Nd5 55. Bg5 Kg7 56. Be4 Nc7 57. Bd3 Bg4 58. Bf6+ Kh6 59. Bc4 Kg6 60. Bd8 Ne8 61. Ke4 Ng7 62. Kf4 Bf5 63. Be7 Nh5+ 64. Kf3 Be6 65. Bd3+ Bf5 66. Bc4 Ng7 67. Kf4 Bc2 68. Bd8 Nh5+ 69. Kf3 Bd1+ 70. Ke3 Bg4 71. Be7 Ng7 72. Kf4 Bd7 73. Bd3+ Bf5 74. Bc4 Nh5+ 75. Kf3 Bc2 76. Bd8 Ng7 77. Kf4 Bb1 78. Bb3 Bd3 79. Ke3 Bb1 80. Kf4 Bd3 81. Ke3 Bf5 82. Kf4 Be6 83. Bc2+ Kh6 84. Bg5+ Kh5 85. Bd1+ Kg6 86. Be7 Kh6 87. Bg5+ Kh7 88. Bc2+ Kg8 89. Be7 Bh3 90. Bb3 Nf5 91. e6 Nxe7 92. exf7+ Kg7 93. Ke5 Nd5 0-1

[Event "GBR-ch110 Major Open"]
[Site "Hull"]
[Date "2024.08.02"]
[Round "7.53"]
[White "Sobolevski, Damien"]
[Black "Sinclair, Colin"]
[Result "0-1"]
[WhiteElo "1041"]
[BlackElo "1783"]
[PlyCount "130"]
[EventDate "2024.07.27"]
[EventType "swiss"]
[EventRounds "9"]
[EventCountry "GBR"]
[SourceTitle "BritBase"]
[Source "John Saunders"]
[SourceDate "2025.02.20"]
[SourceVersion "1"]
[SourceVersionDate "2025.02.20"]
[SourceQuality "1"]

1. e4 g6 2. d4 Bg7 3. Be3 d6 4. Bd3 e6 5. Nc3 a6 6. Nge2 Ne7 7. f3 Nd7 8. Qd2 h6 9. h4 b5 10. a3 Nb6 11. b3 Bb7 12. g4 Qd7 13. h5 g5 14. O-O-O O-O-O 15. Kb2 f5 16. Rhg1 f4 17. Bf2 d5 18. e5 Nc6 19. Na2 Bf8 20. Ra1 Kb8 21. Nac1 Rc8 22. b4 Nc4+ 23. Bxc4 dxc4 24. c3 Ne7 25. Rh1 Bxf3 26. Rg1 Be4 27. Qd1 Bc6 28. Qd2 Nd5 29. Qe1 Nb6 30. Qd1 Be4 31. Qe1 Na4+ 32. Ka2 Kb7 33. Qd2 Qd5 34. Re1 a5 35. bxa5 Bh7 36. Ng1 Ra8 37. Nce2 Rxa5 38. Qc1 Be7 39. Qd2 b4 40. axb4 Nxc3+ 41. Kb2 Rxa1 42. Rxa1 Nxe2 43. Nxe2 Ra8 44. Rxa8 Kxa8 45. Nc3 Qb7 46. Na2 Bd3 47. Qd1 Qb5 48. Be1 c6 49. Qa1 Kb7 50. Kc3 Qa4 51. Qb2 Qd1 52. Bf2 Qe2 53. Qxe2 Bxe2 54. Nc1 Bxg4 55. Kxc4 Bxh5 56. b5 cxb5+ 57. Kxb5 Bf3 58. Nb3 Bd5 59. Nc5+ Bxc5 60. dxc5 h5 61. Kb4 h4 62. Kc3 h3 63. Bg1 g4 64. Kd2 g3 65. Ke2 h2 0-1

[Event "GBR-ch110 Major Open"]
[Site "Hull"]
[Date "2024.08.02"]
[Round "7.56"]
[White "Ba, Amy"]
[Black "Robertson, Jim"]
[Result "1-0"]
[WhiteElo "1471"]
[BlackElo "1686"]
[PlyCount "43"]
[EventDate "2024.07.27"]
[EventType "swiss"]
[EventRounds "9"]
[EventCountry "GBR"]
[SourceTitle "BritBase"]
[Source "John Saunders"]
[SourceDate "2025.02.20"]
[SourceVersion "1"]
[SourceVersionDate "2025.02.20"]
[SourceQuality "1"]

1. e4 g6 2. d4 Bg7 3. Nc3 d6 4. Be3 a6 5. Nf3 e6 6. Be2 b6 7. O-O Bb7 8. Re1 Ne7 9. Qd2 h6 10. a3 Nd7 11. Rad1 g5 12. h3 Ng6 13. Bd3 Nf6 14. Qe2 Qe7 15. b4 Nf4 16. Bxf4 gxf4 17. e5 Nd5 18. Nxd5 exd5 19. Qd2 O-O-O 20. Qxf4 Rhf8 21. exd6 Qf6 22. Bf5+ 1-0

[Event "GBR-ch110 Major Open"]
[Site "Hull"]
[Date "2024.08.02"]
[Round "7.57"]
[White "Kulibaev, Richard"]
[Black "Van Uytvange, Jonas"]
[Result "0-1"]
[WhiteElo "1213"]
[BlackElo "1685"]
[PlyCount "80"]
[EventDate "2024.07.27"]
[EventType "swiss"]
[EventRounds "9"]
[EventCountry "GBR"]
[SourceTitle "BritBase"]
[Source "John Saunders"]
[SourceDate "2025.02.20"]
[SourceVersion "1"]
[SourceVersionDate "2025.02.20"]
[SourceQuality "1"]

1. e4 e5 2. d4 exd4 3. Nf3 Nc6 4. Nxd4 Bc5 5. Nb3 Bb6 6. a4 Qf6 7. Qe2 a5 8. Nc3 Nge7 9. Bd2 O-O 10. O-O-O Bxf2 11. g3 Nd4 12. Nxd4 Bxd4 13. Bh3 d6 14. Rhf1 Qg6 15. Bg2 Nc6 16. Nd5 Qe6 17. b3 Bb6 18. Nf4 Qe5 19. c3 Bd7 20. Nd3 Qe6 21. Kc2 Ne5 22. Nf4 Qe8 23. Nd5 Bxa4 24. Rf6 Bd7 25. Nxb6 cxb6 26. Rxd6 Bc6 27. Bf4 Qe7 28. Bxe5 Qxe5 29. Qd3 Rfe8 30. Kb2 g6 31. Re1 Rac8 32. Bh3 Rc7 33. Bd7 Rd8 34. Bxc6 Rxd6 35. Bd5 Rcd7 36. Rd1 Kg7 37. Qc4 Qh5 38. Qd4+ Kg8 39. Bxf7+ Kxf7 40. Rf1+ Ke7 0-1